Регионална библиотека "Любен Каравелов" - Русе

Най-доброто от Бени Хил [видео DVD] (Запис номер 221122)

MARC детайли
000 -Лидер
Контролно поле с фиксирана дължина 00887njm a2200313 c 4500
003 - Код на организацията, давaща контролен номер
Контролно поле BLK
005 - Дата и час на последна редакция
Контролно поле 20240531103246.0
008 - Елементи от данни с фиксирана дължина
fixed length control field 180410b bul||n||s|||||||| n|bulo|
010 ## - Наследен системен номер
LC control number CDD00003610000
040 ## - Източник на каталожния запис
Идентификатор на билиотеката - собственик на записа BLK
041 ## - Код за език
Код за езика на текст/звукозапис или на отделно заглавие Български
Код за езика КДБФ Български
080 ## - УДК
Текстов определител УДК Комедии
УДК код - определител по УДК 791.221.2
УДК - код + определител 791.221.2
139 ## - Редно поле
Редна дума Най-доброто от Бени Хил [видео DVD]
Авторски знак Наи - Н 17
245 10 - Сведения за заглавието
Заглавие Най-доброто от Бени Хил [видео DVD]
257 ## - Страна на издаване
Страна на създаване/издаване България
260 ## - Област на издателските данни
Име на издателя, разпространителя и проч. Айпи видео
Година на издаване 2006
300 ## - Физическа характеристика
Страници 200 min
Илюстрации и др. цв.
Размери/Мащаб 12 см
380 ## - Жанр
Жанр Изкуство
590 ## - Забележки на библиотеката, притежаваща документа (RLIN)
Служебно S.N: 91168 от КНИГИ
852 ## - Местоположение
Форматна сигнатура Цб CD 4995
Част 0
856 4# - Електронен адрес и достъп
Електронен формат pdf - файл
Път до файла /url/
856 4# - Електронен адрес и достъп
Електронен формат pdf - файл
Път до файла /url/
942 ## - АРТИКУЛИ
Вид на библиотечния материал Компактдискове
Скрит в OPAC Не
Периодичен библиозапис Да
944 ## - СЪЗДАВАНЕ И РЕДАКЦИЯ на ЗАПИСА
Създаване/Редакция Създаване
Дата на регистрацията/редакция 27.08.2009
Служител, извършил регистрацията/редакцията 30552
Статус, дата на статуса Виолета Тройчева
944 ## - СЪЗДАВАНЕ И РЕДАКЦИЯ на ЗАПИСА
Създаване/Редакция Редакция
Дата на регистрацията/редакция 27.08.2009
999 ## - СИСТЕМНИ КОНТРОЛНИ НОМЕРА
Koha biblionumber 221122
Koha biblioitemnumber 221122
999 ## - СИСТЕМНИ КОНТРОЛНИ НОМЕРА
Koha biblioitemnumber 221122
999 ## - СИСТЕМНИ КОНТРОЛНИ НОМЕРА
Koha biblioitemnumber 221122
999 ## - СИСТЕМНИ КОНТРОЛНИ НОМЕРА
Koha biblioitemnumber 221122
Наличности
Код за отписване Код за изгубен артикул Източник на класификационната схема Код за повреда Коз за рестрикции Код за отдаване Артикулен № Име на библиотеката - собственик Име на библиотеката, в която се намира в момента Статус (Текущо местоположение) Дата на вписване в системата Местоположение - отдел Цена в лева Инвентарен номер Систематично азбучна сигнатура Баркод Номер на екземпляра Цена в евро Служебна бележка Служебен тип на артикула
  Не е изгубен Universal Decimal Classification Не е повреден без рестрикции заемане за дома 393005 Регионална библиотека "Любен Каравелов" Русе Регионална библиотека "Любен Каравелов" Русе Отдел Изкуство - подръчен фонд 2009-08-28 Отдел Изкуство - подръчен фонд 5.00 250000003926 791.221.2/K 17 250000003926 1 2.56 Дост: DA Вид: А N: 11 Дата: 28.08.2009 Съставил: Валя_Йорданова Компактдискове
Vip Innovations Ltd, Rousse, Bulgaria 2025